Movies Quiz

Random Movies or Clip Quiz

Animated Disney Scores (Audio) Quiz Stats

 Plays Quiz Updated Aug 11, 2016

Also try: Disney Songs
Challenge
Share
Tweet
Score 0/30 Timer 14:00
5 Plays Today
Time Interval Movie % Correct
00:00-00:14Snow White and the Seven Dwarfs
84.8%
00:31-00:47Beauty and the Beast
79.9%
01:07-01:24The Lion King
77.2%
04:48-04:59Aladdin
68.9%
00:48-01:06The Jungle Book
66.7%
03:34-03:50Fantasia/Fantasia 2000
63.7%
02:45-03:00Pocahontas
57.5%
01:40-01:57The Many Adventures of Winnie the Pooh
55.3%
03:51-04:04The Aristocats
48.3%
03:17-03:33The Little Mermaid
47.9%
05:53-06:08Cinderella
47.3%
07:13-07:30Mulan
47.2%
03:01-03:16Sleeping Beauty
43%
01:58-02:12Tarzan
40.2%
02:13-02:27Pinocchio
39.6%
Time Interval Movie % Correct
07:47-08:10Tangled
38.2%
04:05-04:18The Hunchback of Notre Dame
36.5%
05:00-05:15Brother Bear
33.2%
06:25-06:38101 Dalmatians
30.8%
05:35-05:52Bambi
29.9%
06:39-06:55The Emperor's New Groove
27%
04:19-04:32Treasure Planet
25.6%
00:15-00:30Atlantis: The Lost Empire
23.1%
01:25-01:39Peter Pan
20.3%
06:56-07:12Oliver and Company
18.3%
05:16-05:34The Rescuers Down Under
14.2%
07:31-07:46Dinosaur
10.9%
04:33-04:47The Great Mouse Detective
9.8%
06:09-06:24Lilo and Stitch
9.6%
02:28-02:44Meet the Robinsons
7.8%

You're not logged in!

Compare scores with friends on all Sporcle quizzes.
Join for Free
OR
Log In

You Might Also Like...

Show Comments

Extras

Top Quizzes Today


Score Distribution

Your Account Isn't Verified!

In order to create a playlist on Sporcle, you need to verify the email address you used during registration. Go to your Sporcle Settings to finish the process.

Report this User

Report this user for behavior that violates our Community Guidelines.

Details: